Operaciones de bolsa y de banca: estudios jurídicos

Na minha lista:
Detalhes bibliográficos
Autor principal: Messineo, Francesco (autor)
Formato: Livro
Idioma:espanhol
Publicado em: Barcelona Bosch 1957
Assuntos:
Tags: Adicionar Tag
Sem tags, seja o primeiro a adicionar uma tag!

MARC

LEADER 00000nam a2200000 a 4500
001 UCS1860
003 CL-VaPUC
008 970515e19570000SP |||||||||||||||||spa|d
082 0 4 |a 346.082  |b MES  |2 21 
100 |a Messineo, Francesco  |e autor  |9 387233 
245 1 0 |a Operaciones de bolsa y de banca: estudios jurídicos 
300 |a 472 p 
942 |c BK 
945 |d 19970515 00:00:00  |a paguirre 
260 |a Barcelona  |b Bosch  |c 1957 
650 0 |a Derecho comercial   |9 256340 
650 7 |a OPERACIONES COMERCIALES  |2 CL-VaPUC  |9 337866 
650 0 |a Bancos  |9 254963 
650 0 |a Operaciones bancarias   |9 337857 
650 0 |a Bolsa de valores  |9 329250 
583 |a last modification  |c 19970515 00:00:00  |k Rodrigo Vera 
999 |c 259892  |d 259890 
952 |0 0  |1 0  |4 0  |6 346_082000000000000_MES_1957  |7 0  |8 A  |9 285398  |a BIBDER  |b BIBDER  |d 2019-11-19  |i 1855107  |o 346.082 MES 1957  |p 1855107  |r 2023-01-25  |w 2019-11-19  |y BK  |k DER